000 00336nam a2200145 i 4500
001 bg
100 1 _aFEKECZ, Kazimiera
245 0 _aPaństwo Hiszpańskie /
_cKazimiera Fekecz.
260 _aWarszawa,
_c1976.
040 _cBPK
041 _apol
080 _a308(46)+946
942 _cKS
008 s pl f |000 0 pol
999 _c16958
_d16958
856 _uhttp://koha.tu.koszalin.pl/cgi-bin/koha/opac-detail.pl?biblionumber=16958
_yKatalog online BPK